Billboard Top 20 - February 14, 2026 - Statistics

General Stats
  • This quiz has been taken 16 times
  • The average score is 12 of 20
Answer Stats
# Artist Song % Correct
19 Lady Gaga, Bruno Mars Die With A Smile
87%
6 Bad Bunny DTMF
80%
3 Djo End Of Beginning
80%
4 HUNTR/X Golden
80%
5 Alex Warren Ordinary
80%
1 Taylor Swift The Fate of Ophelia
80%
7 RAYE Where Is My Husband!
80%
14 Zara Larsson Lush Life
73%
2 Olivia Dean Man I Need
73%
8 Bruno Mars I Just Might
67%
9 Olivia Dean So Easy (To Fall In Love)
67%
12 sombr Back To Friends
60%
13 Harry Styles Aperture
53%
11 Bad Bunny Baile Inolvidable
47%
18 Bad Bunny Nuevayol
47%
20 Don Toliver Body
33%
15 Ella Langley Choosin' Texas
33%
16 Sienna Spiro Die On This Hill
33%
17 Dave, Tems Raindance
33%
10 Noah Kahan The Great Divide
33%
No matching quizzes found
Score Distribution
Percent of People with Each Score
Percentile by Number Answered
Your Score History
You have not taken this quiz